000 01509cam a22004094i 4500
003 PE-LiUPU
005 20250731175645.0
008 150616s r 000 0 d
020 _a0805413782
035 _a(Sirsi) i9780805413786
040 _aPE-LiUPU
_bspa
_cPE-LiUPU
_erda
049 _aPRUA
082 0 4 _a487.415
_bV37
_221
100 1 _aVaughan, Curtis,
_eautor.
245 1 2 _aA Greek Grammar of The New Testament.
264 1 _aTennessee :
_bBroadman Press,
_c1979.
300 _a236 páginas ;
_c24 centímetros
336 _atext
_2rdacontent
337 _aunmediated
_2rdamedia
338 _avolume
_2rdacarrier
505 0 _aThe parts of speech.- Interpreting the cases.- Interpreting the article.- Interpreting the verb.- Interpreting participles and infinitives.- Interpreting clauses and sentences.
526 _aP145
526 _aP127
526 _aP97
526 _aP35
526 _aP14
526 _aP07
650 0 4 _aGRIEGO BIBLICO - GRAMATICA.
700 1 _aGideon, Virtus E.
910 _ajck
_bjvq
_cjck
942 _2ddc
_cBOOK
949 _a487.415 V37
_wDEWEY
_c1
_i42205
_lCCODEBUL1
_mBUL
_r0
_sY
_tBOOK
_u2015-6-16
_xTEOLOGIA
_zUNKNOWN
_0COMPRA
_o.STAFF. Colección General
994 _aC0
_bPEPRU
596 _a1
999 _a487.415 V37
_wDEWEY
_c60036
_i42205
_d60036
_f2021-11-11
_g6
_lCCODEBUL1
_mBUL
_q5
_r0
_sY
_tBOOK
_u2015-6-16
_xTEOLOGIA
_zUNKNOWN
_0COMPRA
_o.STAFF. Colección General
980 _81
_gALBERTO SANCHEZ Responsable de Automatización